[Event "Montreal Mercredi 08"]
[Site "Montreal"]
[Date "2016.09.28"]
[Round "5"]
[White "Joyal, Bruno"]
[Black "Lamoureux, Yvon"]
[Result "1-0"]
[WhiteElo "1813"]
[BlackElo "1754"]
[PlyCount "59"]
[EventDate "2016.08.31"]
[EventType "swiss"]
[EventRounds "5"]
[EventCountry "CAN"]
[SourceTitle "EXT 2022"]
[Source "ChessBase"]
[SourceDate "2021.10.06"]
[SourceVersion "1"]
[SourceVersionDate "2021.10.06"]
[SourceQuality "1"]

1. e4 d6 2. d4 Nf6 3. Bd3 g6 4. Nf3 Bg7 5. 0-0 0-0 6. Bg5 Bg4 7. h3 Bxf3 8. Qxf3 e5 9. dxe5 dxe5 10. Nc3 c6 11. Rad1 Qe7 12. Bc4 Nbd7 13. Rxd7 Qxd7 14. Bxf6 b5 15. Rd1 Qc7 16. Bxg7 Kxg7 17. Bb3 a5 18. a3 a4 19. Ba2 Rad8 20. h4 Rxd1+ 21. Nxd1 Qd6 22. Ne3 Qd4 23. h5 h6 24. c3 Qd2 25. Qg3 Qxb2 26. Qxe5+ Kh7 27. hxg6+ Kxg6 28. Qd6+ Kg7 29. Nf5+ Kg8 30. Qg6+ 1-0

[Event "Quebec op U2000"]
[Site "Montreal"]
[Date "2016.07.28"]
[Round "7.17"]
[White "Joyal, Bruno"]
[Black "Levasseur, Sylvain"]
[Result "1-0"]
[WhiteElo "1925"]
[BlackElo "1629"]
[PlyCount "85"]
[EventDate "2016.07.23"]
[EventType "swiss"]
[EventRounds "8"]
[EventCountry "CAN"]
[SourceTitle "EXT 2022"]
[Source "ChessBase"]
[SourceDate "2021.10.06"]
[SourceVersion "1"]
[SourceVersionDate "2021.10.06"]
[SourceQuality "1"]

1. e4 e5 2. Nf3 Nc6 3. Bb5 a6 4. Ba4 Nf6 5. 0-0 b5 6. Bb3 Be7 7. Re1 0-0 8. c3 d6 9. h3 Na5 10. Bc2 c5 11. d4 Qc7 12. d5 Nc4 13. b3 Nb6 14. Nbd2 c4 15. Bb2 Bd7 16. Nf1 Ne8 17. Ne3 g6 18. Qd2 Bf6 19. h4 h5 20. g3 Kg7 21. Bc1 Rh8 22. Kg2 Bd8 23. Bd1 a5 24. Be2 a4 25. bxc4 bxc4 26. Ba3 Nf6 27. Ng5 Be7 28. Rab1 Rhb8 29. Rb4 Rb7 30. Nxc4 Nxc4 31. Rxc4 Qa5 32. Rb4 Rab8 33. Reb1 Qc7 34. Rxb7 Rxb7 35. Rxb7 Qxb7 36. Qb2 Qxb2 37. Bxb2 Ne8 38. Nf3 Nc7 39. c4 Na8 40. Nd2 f6 41. f4 exf4 42. gxf4 Kf7 43. Bd4 1-0

[Event "Quebec op U2000"]
[Site "Montreal"]
[Date "2016.07.24"]
[Round "2.2"]
[White "Joyal, Bruno"]
[Black "Brassard, Sylvain"]
[Result "0-1"]
[WhiteElo "1925"]
[BlackElo "1842"]
[PlyCount "84"]
[EventDate "2016.07.23"]
[EventType "swiss"]
[EventRounds "8"]
[EventCountry "CAN"]
[SourceTitle "EXT 2022"]
[Source "ChessBase"]
[SourceDate "2021.10.06"]
[SourceVersion "1"]
[SourceVersionDate "2021.10.06"]
[SourceQuality "1"]

1. Nf3 d5 2. d4 Nf6 3. c4 c6 4. Bf4 Bf5 5. e3 e6 6. Nbd2 Bd6 7. Bxd6 Qxd6 8. c5 Qc7 9. b4 Nbd7 10. Be2 0-0 11. 0-0 h6 12. Nh4 Ne4 13. Nxf5 exf5 14. Bd3 g6 15. f3 Nxd2 16. Qxd2 Qd8 17. Qf2 Nf6 18. Qg3 Nh5 19. Qh3 Qf6 20. f4 Qg7 21. Bxf5 Nf6 22. Bc2 h5 23. Qf3 Rae8 24. Rae1 Ne4 25. Bxe4 Rxe4 26. Re2 f5 27. a4 Rfe8 28. Rfe1 Qe7 29. g3 Kg7 30. Kf2 a6 31. Ra2 Rxd4 32. Qe2 Rc4 33. Rd1 h4 34. Rd4 hxg3+ 35. hxg3 Rh8 36. Kf3 Rc1 37. Rc2 Rg1 38. Kf2 Rgh1 39. Kf3 g5 40. fxg5 Qxg5 41. b5 Rg1 42. Qf2 Rhh1 0-1

[Event "Quebec op U2000"]
[Site "Montreal"]
[Date "2016.07.23"]
[Round "1.30"]
[White "Zumsteg, Nicolas"]
[Black "Joyal, Bruno"]
[Result "0-1"]
[WhiteElo "1793"]
[BlackElo "1925"]
[PlyCount "78"]
[EventDate "2016.07.23"]
[EventType "swiss"]
[EventRounds "8"]
[EventCountry "CAN"]
[SourceTitle "EXT 2022"]
[Source "ChessBase"]
[SourceDate "2021.10.06"]
[SourceVersion "1"]
[SourceVersionDate "2021.10.06"]
[SourceQuality "1"]

1. e4 e5 2. Nf3 Nc6 3. Bc4 Nf6 4. Ng5 d5 5. exd5 Na5 6. Bb5+ c6 7. dxc6 bxc6 8. Be2 h6 9. Nf3 e4 10. Ne5 Qd4 11. f4 Bc5 12. Rf1 Nb7 13. c3 Qd8 14. d4 exd3 15. Qxd3 Qc7 16. Be3 Bd6 17. Nd2 0-0 18. Ne4 Nd5 19. Nxd6 Nxd6 20. Bc5 Rd8 21. Bxd6 Qxd6 22. 0-0-0 a5 23. c4 Ba6 24. Qc2 Qc5 25. Rf3 Nxf4 26. Rxd8+ Rxd8 27. Nd3 Nxe2+ 28. Qxe2 Qxc4+ 29. Qc2 Rxd3 30. Rxd3 Qxd3 31. Qxc6 Qc4+ 32. Qxc4 Bxc4 33. b3 Bd5 34. g3 g5 35. Kd2 f5 36. Ke3 Kf7 37. h4 Kf6 38. Kd4 gxh4 39. gxh4 Ke6 0-1